000 00769nam a2200241 a 4500
001 000026858
003 DO-SdBNP
005 20260219105724.0
008 110325s1984 dr ac 001 0 spa d
040 _aDO-SdBNP
_bspa
_cBNPHU
082 _a378.7293
_bU58c
110 2 _aUniversidad Nacional Pedro Henríquez Ureña
_983980
245 1 0 _aCatálogo.
260 _aSanto Domingo :
_bUNPHU,
_c1984.
300 _a505 p. :
_bil., retrs ;
_c23 cm.
590 _aInventariado, 2018/ YL
650 4 _aPlanes de estudio universitario
_936829
650 4 _aUniversidades
_xCatálogos
_953973
650 4 _aUniversidades
_xCurricula
_953974
650 0 _aEducación superior
_zRepública Dominicana
_9730
910 _aValidado. Control de calidad EMS.
942 _2ddc
_cLBS1
999 _c26350
_d26350